00762nam a2200229 a 450000100060000000300080000600500170001400800410003102000320007203500190010404000370012304100080016008200370016811000360020524500940024126000230033530000330035849000280039150000320041965000530045183000280050452232BD-RjUL20211209075754.0160907s2011 bg a s f000 0 eng d a9845089388c: Complimentary a(BD-RjUL)52352 aDLCbengcDLCdDLCdBD-RjULerda aeng 223a630.95492021 bMUN 2011 (ZS) aBangladesh Bureau Of Statistics10aCensus of agriculture, 2008 :bZila series, Munshiganj /cBangladesh Bureau of Statistics aDhaka:bBBS,c2011 axvi, 288 p. :bIll. ;c28 cm aZila series, Munshiganj aChiefly statistical tables. 0aAgriculturezBangladeshzMunshiganjvStatistics. aZila series, Munshiganj